| 000 | 01011cab a2200241 4500 | ||
|---|---|---|---|
| 001 | WB2841-44 | ||
| 008 | 090401t1992 xxu||||| |||| 00| 0 eng d | ||
| 035 | _a(Sirsi) u43727 | ||
| 041 | _aeng | ||
| 245 | _aLocating in North America | ||
| 260 | _c1992 | ||
| 300 | _aLOAN | ||
| 350 | _a0 | ||
| 490 |
_aFinancial Times _v20 October 1992, 35-39(5) |
||
| 520 | _aFT survey on companies locating to North America (including Canada and Mexico) identifies factors influencing decisions including the property and labour markets and financial incentives, Concludes with a regional overview of the United States economy. Profiles two companies NFC and BMR who moved part of their operations to the United States. Discusses the benefits of the North American Free Trade Agreement between the United States of America, Canada and Mexico. | ||
| 650 | _aCANADA | ||
| 650 | _aLOCATION | ||
| 650 | _aMEXICO | ||
| 650 | _aUNITED STATES | ||
| 690 | _aOVERSEAS-NORTH AMERICA | ||
| 942 | _n0 | ||
| 948 | _c04/03/1997 | ||
| 999 |
_c27869 _d27869 |
||